Lewis Capaldi - Bruises Lyrics - Statistics

General Stats
  • This quiz has been taken 707 times
  • The average score is 254 of 318
Answer Stats
Lyric % Correct
I
98%
be
96%
the
96%
you
96%
a
95%
day
95%
me
94%
my
94%
every
93%
so
93%
on
92%
and
91%
And
91%
get
90%
in
90%
some
90%
what
90%
bruises
89%
by
89%
love
89%
that
89%
hold
88%
water
88%
'Cause
87%
colder
87%
left
87%
something
86%
There
86%
there
86%
to
86%
getting
84%
it's
84%
It's
84%
must
84%
been
81%
if
81%
I've
81%
lost
81%
Of
81%
of
81%
Oh
81%
oh
81%
side
81%
behind
80%
need
79%
since
79%
could
78%
days
78%
under
78%
Counting
77%
counting
77%
lord
77%
hope
76%
keep
76%
never
76%
only
76%
But
75%
from
75%
going
75%
head
75%
mind
75%
like
73%
off
73%
lose
71%
told
71%
breath
68%
feels
68%
I'm
68%
holding
65%
waste
65%
we
64%
when
64%
your
64%
Your
64%
find
63%
got
63%
peace
63%
You'd
63%
street
60%
can
59%
taking
59%
back
58%
come
58%
hollow
57%
word
54%
you'll
53%
being
51%
spoken
51%
up
50%
blinded
48%
had
48%
just
48%
brighter
47%
Maybe
46%
maybe
46%
because
44%
over
42%
tired
41%
now
40%
Even
37%
though
37%
Well
37%
exhausted
36%
nothing
36%
tide
36%
heard
32%
No matching quizzes found
Score Distribution
Percent of People with Each Score
Percentile by Number Answered
Your Score History
You have not taken this quiz